| 000 | 00369nam a2200145Ia 4500 | ||
|---|---|---|---|
| 008 | 230917s9999||||xx |||||||||||||| ||und|| | ||
| 040 |
_e255765 _aMAIN |
||
| 041 | _aEnglish | ||
| 082 | _a333.913 S36G | ||
| 100 | _aSeema | ||
| 245 | 0 | _aGroundwater depletion and its impact on agriculture in eastern Haryana | |
| 260 | _c2018 | ||
| 300 | _axvi, 244 p. | ||
| 942 | _cTH | ||
| 999 |
_c128389 _d128389 |
||